000 00507nam a2200181Ia 4500
999 _c30173
_d30173
003 OSt
005 20260305115903.0
008 190216s9999||||xx |||||||||||||| ||und||
020 _a9788126464784
040 _coclc
082 _a894.8123
_bJAM/P
100 1 _aJayiṃs, Vi. Je.,
_d1961-
_99428
245 0 _aPranayopanishath /
_cV J James
260 _bD C Books,
_c2017.
_aKottayam:
300 _a127p
650 _aMalayalam
942 _cBK
_2ddc
_h894.8123
_iJAM/P
_k894.8123
_mJAM/P